000 01280nam a22004217a 4500
001 0052987
003 KOHA_MİRAKIL
005 20260207003903.0
007 ta
008 150629b2014 tu a|||gr||||#||||1|tur |
020 _a9786055100216
040 _aTR-BiSEU
_btur
_cTR-BiSEU
_erda
041 0 _atur
044 _ctu
050 _aP96
_b.Y46 2014
245 1 _aYeni medya yeni pratikler yeni olanaklar/
_cEditör Emel Baştürk Akca.
264 1 _aKocaeli :
_bUmuttepe Yayınları
_c2014
300 _a314 sayfa :
_btablo ;
_c21 cm.
336 _ametin
_btxt
_2rdacontent
337 _aaracısız
_bn
_2rdamedia
338 _acilt
_bnc
_2rdacarrier
490 1 _aUmuttepe ;
_vyayın no.
490 1 _a118.
490 1 _aİletişim dizisi ;
_v12.
500 _aKaynakça var.
650 0 _aMedya.
_965321
650 0 _aSosyal medya.
_990533
650 0 _aİletişim ve teknoloji.
_93722
650 0 _aİletişim--Teknolojik yenilikler.
_948196
650 0 _aMedia.
_999045
650 0 _aSocial media.
_980166
650 0 _aCommunication and technology.
_93719
650 0 _aCommunication--Technological innovations.
_948195
830 1 _aUmuttepe ;
_vyayın no.
_999046
830 1 _a118.
_916247
830 1 _aİletişim dizisi ;
_v12.
_92917
942 _2lcc
_cBK
999 _c52801
_d52801